Chapter 3 Season 1 Quiz - Statistics

General Stats
  • This quiz has been taken 5 times
  • The average score is 8 of 15
Answer Stats
Hint Answer Hint Answer % Correct
ar mk 7 location rocky
100%
shotgun auto location condo
75%
sniper hunter bolt boss the rock
75%
ar ranger location joneses
75%
smg stinger name of the season The loop
75%
shotgun striker pump location chonkers
75%
secret skin the foundation type of land snow
75%
location greasy creator of the game epic
50%
mythic spider man web slingers new feature sliding
50%
location camp cuddle building material wood
25%
location Daily bugle building material bricks
25%
location logjam type of land grass
25%
location sanctuary building material metal
25%
location shifty place coming back tilted
25%
location sleepy type of land canyons
25%
No matching quizzes found
Score Distribution
Percent of People with Each Score
Percentile by Number Answered
Your Score History
You have not taken this quiz